| Tag |
First Indicator |
Second Indicator |
Subfields |
| LEADER |
00000cam a2200000 i 4500 |
| 001 |
in00004006913 |
| 005 |
20181030094812.0 |
| 006 |
m o d f |
| 007 |
cr ||||||||||| |
| 008 |
180720e199307 nhuab obt f000 0 eng c |
| 035 |
|
|
|a (OCoLC)on1045069840
|
| 042 |
|
|
|a pcc
|
| 043 |
|
|
|a t------
|
| 040 |
|
|
|a GPO
|b eng
|e rda
|e pn
|c GPO
|d MvI
|
| 049 |
|
|
|a WWW
|
| 074 |
|
|
|a 0335-B (online)
|
| 086 |
0 |
|
|a D 103.33/2:93-19
|
| 100 |
1 |
|
|a DenHartog, Stephen L.,
|e author.
|
| 245 |
1 |
0 |
|a Delivery of fuel and construction materials to South Pole Station /
|c Stephen L. DenHartog and George L. Blaisdell ; prepared for Division of Polar Programs, National Science Foundation.
|
| 264 |
|
1 |
|a Hanover, N.H. :
|b US Army Corps of Engineers, Cold Regions Research & Engineering Laboratory,
|c 1993.
|
| 300 |
|
|
|a 1 online resource (iii, 21 pages) :
|b illustrations, map.
|
| 336 |
|
|
|a text
|b txt
|2 rdacontent
|
| 337 |
|
|
|a computer
|b c
|2 rdamedia
|
| 338 |
|
|
|a online resource
|b cr
|2 rdacarrier
|
| 490 |
1 |
|
|a Special report ;
|v 93-19
|
| 500 |
|
|
|a "July 1993."
|
| 504 |
|
|
|a Includes bibliographical references (pages 16-17).
|
| 536 |
|
|
|a National Science Foundation Division of Polar Programs
|b OPP-91-40015
|
| 588 |
|
|
|a Description based on online resource; title from PDF title page (DTIC website, viewed July 19, 2018).
|
| 650 |
|
0 |
|a Trafficability
|x Cold weather conditions.
|
| 650 |
|
0 |
|a Motor vehicles
|x Cold weather operation.
|
| 650 |
|
0 |
|a Tracklaying vehicles.
|
| 651 |
|
0 |
|a Antarctica.
|
| 700 |
1 |
|
|a Blaisdell, George L.,
|e author.
|
| 710 |
2 |
|
|a Cold Regions Research and Engineering Laboratory (U.S.),
|e issuing body.
|
| 710 |
2 |
|
|a National Science Foundation (U.S.).
|b Division of Polar Programs.
|
| 776 |
0 |
8 |
|i Print version:
|a DenHartog, Stephen L.
|t Delivery of fuel and construction materials to South Pole Station
|w (OCoLC)29197059
|
| 776 |
0 |
8 |
|i Microfiche version:
|a DenHartog, Stephen L.
|t Delivery of fuel and construction materials to South Pole Station
|w (OCoLC)34520897
|
| 830 |
|
0 |
|a Special report (Cold Regions Research and Engineering Laboratory (U.S.)) ;
|v 93-19.
|
| 856 |
4 |
0 |
|u https://purl.fdlp.gov/GPO/gpo106204
|t 0
|
| 999 |
f |
f |
|s 36451b32-52c0-3d1e-9092-21dfd58ae618
|i a06371a8-caf5-357b-9f3c-430163b9effa
|t 0
|
| 952 |
f |
f |
|a Texas A&M University
|b College Station
|c Electronic Resources
|d Available Online
|t 0
|e D 103.33/2:93-19
|h Superintendent of Documents classification
|
| 998 |
f |
f |
|a D 103.33/2:93-19
|t 0
|l Available Online
|